Retrouver le titre du film sans voyelles #3 - Statistiques

Statistiques générales
  • Ce quiz a été pris 168 fois
  • Le résultat moyen est 5 sur 10
Statistiques - réponses
Indice Réponse % Correct
TP GN Top Gun
97%
JMNJ Jumanji
96%
RTR VRS L FTR Retour vers le futur
89%
LRG WNCH Largo Winch
53%
L CT D L PR La Cité de la peur
46%
NSFRT Nosferatu
45%
VN : L LGND D BT D MND Vaiana : La Légende du bout du monde
42%
LS GNS Les Goonies
30%
GT T Get Out
11%
NR Anora
4%
Aucun quiz correspondant
Distribution des résultats
% des personnes avec chaque résultat
Percentile par nombre de réponses
Votre historique - résultats
Vous n’avez pas pris ce quiz